Sélections de Bradley Barcola en EDF - Statistiques

Statistiques générales
  • Ce quiz a été pris 32 fois
    17 depuis la dernière actualisation
  • Le résultat moyen est 11 sur 17
Statistiques - réponses
Sélections Date Nations Compétitions % Correct
5 9 juillet 2024 Espagne Euro 2024
81%
14 5 juin 2025 Espagne Ligue des nations
81%
6 6 septembre 2024 Italie Ligue des nations
81%
11 17 novembre 2024 Italie Ligue des nations
81%
15 5 septembre 2025 Ukraine Qualif mondial 2026
75%
17 13 novembre 2025 Ukraine Qualif mondial 2026
75%
16 9 septembre 2025 Islande Qualif mondial 2026
69%
4 5 juillet 2024 Portugal Euro 2024
69%
7 9 septembre 2024 Belgique Ligue des nations
63%
9 14 octobre 2024 Belgique Ligue des nations
63%
12 20 mars 2025 Croatie Ligue des nations
63%
13 23 mars 2025 Croatie Ligue des nations
63%
8 10 octobre 2024 Israël Ligue des nations
56%
10 14 novembre 2024 Israël Ligue des nations
56%
3 25 juin 2024 Pologne Euro 2024
56%
1 5 juin 2024 Luxembourg Match amical
38%
2 9 juin 2024 Canada Match amical
31%
Aucun quiz correspondant
Distribution des résultats
% des personnes avec chaque résultat
Percentile par nombre de réponses
Votre historique - résultats
Vous n’avez pas pris ce quiz depuis la dernière actualisation